000 00434nam a22001817a 4500
003 MPLRDC
005 20220104114458.0
008 210129b ||||| |||| 00| 0 eng d
020 _a7-80053-008-6
082 _a857.61 LYB
100 _a李渊博 编
245 _a闪光的爱情
_c
250 _a一版一刷
260 _a
_b华夏出版社
_c1987
300 _b
650 _a短篇小说--总集
942 _cBK
_o857.61 LYB
999 _c7799
_d7789